<?xml version="1.0" encoding="UTF-8"?>
<record
    xmlns:xsi="http://www.w3.org/2001/XMLSchema-instance"
    xsi:schemaLocation="http://www.loc.gov/MARC21/slim http://www.loc.gov/standards/marcxml/schema/MARC21slim.xsd"
    xmlns="http://www.loc.gov/MARC21/slim">

  <leader>00953nam a2200193 i 4500</leader>
  <controlfield tag="001">160729</controlfield>
  <controlfield tag="003">ES-MaACL</controlfield>
  <controlfield tag="005">20250604062547.0</controlfield>
  <controlfield tag="008">980129m18951897sp a         |||| | spa d</controlfield>
  <datafield tag="040" ind1=" " ind2=" ">
    <subfield code="a">NA </subfield>
    <subfield code="b">spa </subfield>
    <subfield code="c">NA</subfield>
  </datafield>
  <datafield tag="100" ind1="1" ind2=" ">
    <subfield code="a">Nogu&#xE9;s, Emilio J.M.</subfield>
    <subfield code="9">130514</subfield>
  </datafield>
  <datafield tag="245" ind1="1" ind2="0">
    <subfield code="a">Historia cr&#xED;tica de la Restauraci&#xF3;n Borb&#xF3;nica en Espa&#xF1;a </subfield>
    <subfield code="b">: (veinticinco a&#xF1;os de historia contempor&#xE1;nea) / </subfield>
    <subfield code="c">por Emilio J. M. Nogu&#xE9;s ; continuaci&#xF3;n de la historia de la revoluci&#xF3;n espa&#xF1;ola por Vicente Blasco Iba&#xF1;ez.</subfield>
  </datafield>
  <datafield tag="260" ind1=" " ind2=" ">
    <subfield code="a">Barcelona : </subfield>
    <subfield code="b">La Enciclopedia Democr&#xE1;tica, casa editorial de Rom&#xE1;n Gil, </subfield>
    <subfield code="c">1895-1897 (</subfield>
    <subfield code="f">Establecimiento tipogr&#xE1;fico de B. Baseda)</subfield>
  </datafield>
  <datafield tag="300" ind1=" " ind2=" ">
    <subfield code="a">3 v.(1238 p., [13] h. de l&#xE1;m. ; 1011 p., [6] h. de l&#xE1;m. ; 1174 p., [15] h. de l&#xE1;m.) ; </subfield>
    <subfield code="c">28 cm.</subfield>
  </datafield>
  <datafield tag="596" ind1=" " ind2=" ">
    <subfield code="a">Marca tip. en v. de antep. en los 3 tomos.</subfield>
  </datafield>
  <datafield tag="651" ind1=" " ind2="7">
    <subfield code="a">Espa&#xF1;a-</subfield>
    <subfield code="x">Historia-</subfield>
    <subfield code="y">S.XIX</subfield>
    <subfield code="2"></subfield>
    <subfield code="9">142005</subfield>
  </datafield>
  <datafield tag="852" ind1=" " ind2=" ">
    <subfield code="a">ES-MaACL</subfield>
    <subfield code="j">G-3321-23 </subfield>
    <subfield code="z">-- Enc. hol.</subfield>
  </datafield>
  <datafield tag="999" ind1=" " ind2=" ">
    <subfield code="c">160729</subfield>
    <subfield code="d">160729</subfield>
  </datafield>
  <datafield tag="952" ind1=" " ind2=" ">
    <subfield code="0">0</subfield>
    <subfield code="1">0</subfield>
    <subfield code="4">0</subfield>
    <subfield code="7">0</subfield>
    <subfield code="8">LIBXIX</subfield>
    <subfield code="a">ATENEOM</subfield>
    <subfield code="b">ATENEOM</subfield>
    <subfield code="c">DEPO2</subfield>
    <subfield code="d">2008-01-17</subfield>
    <subfield code="l">0</subfield>
    <subfield code="o">G-3321-23</subfield>
    <subfield code="p">1168311</subfield>
    <subfield code="r">2023-02-23 00:00:00</subfield>
    <subfield code="w">2023-02-23</subfield>
    <subfield code="y">MONANT</subfield>
  </datafield>
</record>
